El artista y la ciudad
שמור ב:
| מחבר ראשי: | |
|---|---|
| פורמט: | ספר |
| שפה: | ספרדית |
| יצא לאור: |
Barcelona
Anagrama
1983
|
| מהדורה: | 2a. ed |
| סדרה: | Colección Argumentos, 40
|
| נושאים: | |
| תגים: |
הוספת תג
אין תגיות, היה/י הראשונ/ה לתייג את הרשומה!
|
MARC
| LEADER | 00000nam a2200000 a 4500 | ||
|---|---|---|---|
| 001 | UCL6075 | ||
| 003 | CL-VaPUC | ||
| 008 | 040326e19830000SP |||||||||||||||||spa|d | ||
| 020 | |a 8433904004 | ||
| 082 | 0 | 4 | |a 864 |b TRI |2 21 |
| 100 | 0 | |a Trías, Eugenio |e author |9 483820 | |
| 245 | 1 | 3 | |a El artista y la ciudad |
| 250 | |a 2a. ed | ||
| 300 | |a 236 p | ||
| 942 | |c BK | ||
| 945 | |d 20040326 00:00:00 |a cmena | ||
| 260 | |a Barcelona |b Anagrama |c 1983 | ||
| 500 | |a IV premio Anagrama de Ensayo | ||
| 650 | 0 | |a Ensayos españoles |9 313128 | |
| 650 | 0 | |a Filosofía del arte |9 264951 | |
| 583 | |a last modification |c 20040326 00:00:00 |k Rodrigo Vera | ||
| 490 | 0 | |a Colección Argumentos, 40 | |
| 999 | |c 308350 |d 308348 | ||
| 952 | |0 0 |1 0 |4 0 |6 864_000000000000000_TRI_1983 |7 0 |8 A |9 374786 |a BIBARQ |b BIBARQ |d 2019-11-21 |i 3969231 |l 2 |o 864 TRI 1983 |p 3969231 |r 2025-01-20 |s 2024-06-12 |w 2019-11-21 |y BK |k ARQ | ||